000 00523nam a2200193Ia 4500
005 20250317125150.0
008 008 250317s9999 xx 000 0 eng d
037 _aTextbook
040 _aFMSL
_beng
_cFMSL
041 _aeng
_2eng
084 _qFMSL
100 _aJauch L R
_9737272
245 0 _aBusiness policy and strategic management
250 _aed 5
260 _aNew York
_bNew York, McGraw-Hill book co.
_c1988
300 _a952p
942 _cTB
999 _c1258289
_d1258289